| 000 | 00727nam a2200217Ia 4500 | ||
|---|---|---|---|
| 003 | GCL | ||
| 008 | 140319s9999 xx 000 0 ara d | ||
| 020 | _a4083399977 | ||
| 040 |
_aGCL / _cGCL |
||
| 082 | 0 | 4 |
_a254.1 _bم ز |
| 100 | 1 | _aمحمد بركات | |
| 245 | 1 | 0 |
_aالزواج المحرم : _bنساء ضائعات بين الحلال والحرام / _cمحمد بركات |
| 250 | _aالاولى | ||
| 260 |
_aالقاهرة : _bأطلس للنشر والانتاج الاعلامى ، _c2006 |
||
| 300 |
_a200 ص ؛ _c24 سم |
||
| 650 | 0 | 4 | _aالزواج العرفى |
| 650 | 0 | 4 | _aالزواج المؤقت |
| 650 | 0 | 4 | _aزواج المتعة |
| 650 | 0 | 4 | _aالزواج - المحرمات |
| 942 |
_2ddc _cBK |
||
| 999 |
_c9348 _d9348 |
||